00930 2200289 4500001002100000005001500021035002000036007000300056008004100059040001200100082001700112084001900129090002300148090002200171245010600193260006000299300005500359500005100414850001200465041001300477110003500490651003500525022001400560999002200574990002200596990002200618INLIS00000000003592120191218094222 a0010-0618000317ta180625s2017 yoia g ind d aYOPDYOG04223a315.9827 a315.9827 BAD k aDEP 315.9827 BAD k aCB-D.11 2017-26790 aKecamatan Imogiri dalam angka = Imogiri district in figures /cBadan Pusat Statistik Kabupaten Bantul3 aBantul :bBadan Pusat Statistik Kabupaten Bantul,c2017 axiv, 78 lembar :bilustrasi, tabel, peta ;c21 cm. aTeks dalam Bahasa Indonesia dan Bahasa Inggris aYOPDYOG0 aindgeng2 aBadan Pusat Statistik (Bantul) 4aBantul--vStatistikzImogiri-- a0852.0288 aCB-D.11/2017-2679 aCB-D.11/2017-2679 aCB-D.11/2017-2679